Informing the decision makers on the cost and value of green building (Record no. 65068)

MARC details
000 -LEADER
fixed length control field 01449cam a2200301 4500
001 - CONTROL NUMBER
control field ABS62967
008 - FIXED-LENGTH DATA ELEMENTS--GENERAL INFORMATION
fixed length control field 000000n2000 000 0 eng u
035 ## - SYSTEM CONTROL NUMBER
System control number (Sirsi) u108961
100 ## - MAIN ENTRY--PERSONAL NAME
Personal name Bartlett, E.
245 ## - TITLE STATEMENT
Title Informing the decision makers on the cost and value of green building
260 ## - PUBLICATION, DISTRIBUTION, ETC.
Date of publication, distribution, etc. 2000
490 ## - SERIES STATEMENT
Series statement Building Research and Information
Volume/sequential designation 28 (5/6) 2000, 315-324(10)
520 ## - SUMMARY, ETC.
Summary, etc. Challenges the traditional way in which the value of green buildings is assessed in terms of their environmental friendliness, energy efficiency and whole life cost. In the UK the perception exists that more energy efficient and environmentally friendly buildings cost between 5% and 15% more to build. Suggests construction professionals need to be informed of the whole life cost and environmental impact of buildings so that they can encourage key stakeholders to make more sustainable choices. Considers these issues along with case studies from recent projects. Graphs and diagrams. References.
590 ## - LOCAL NOTE (RLIN)
Local note ABS
650 ## - SUBJECT ADDED ENTRY--TOPICAL TERM
Topical term or geographic name entry element ENVIRONMENTALLY-FRIENDLY CONSTRUCTION
650 ## - SUBJECT ADDED ENTRY--TOPICAL TERM
Topical term or geographic name entry element GREEN BUILDINGS
650 ## - SUBJECT ADDED ENTRY--TOPICAL TERM
Topical term or geographic name entry element ENERGY EFFICIENCY
650 ## - SUBJECT ADDED ENTRY--TOPICAL TERM
Topical term or geographic name entry element VALUE
650 ## - SUBJECT ADDED ENTRY--TOPICAL TERM
Topical term or geographic name entry element CONSTRUCTION COSTS
650 ## - SUBJECT ADDED ENTRY--TOPICAL TERM
Topical term or geographic name entry element LIFE-CYCLE COSTING
650 ## - SUBJECT ADDED ENTRY--TOPICAL TERM
Topical term or geographic name entry element COST ESTIMATES
650 ## - SUBJECT ADDED ENTRY--TOPICAL TERM
Topical term or geographic name entry element ECONOMICS
650 ## - SUBJECT ADDED ENTRY--TOPICAL TERM
Topical term or geographic name entry element FINANCE
650 ## - SUBJECT ADDED ENTRY--TOPICAL TERM
Topical term or geographic name entry element SUSTAINABLE BUILDING
690 ## - LOCAL SUBJECT ADDED ENTRY--TOPICAL TERM (OCLC, RLIN)
Topical term or geographic name as entry element BUILT ENVIRONMENT-SUSTAINABLE CONSTRUCTION
700 ## - ADDED ENTRY--PERSONAL NAME
Personal name Howard, N.
942 ## - ADDED ENTRY ELEMENTS (KOHA)
Suppress in OPAC 0
Holdings
Withdrawn status Lost status Source of classification or shelving scheme Damaged status Not for loan Home library Current library Shelving location Date acquired Total Checkouts Full call number Barcode Date last seen Copy number Price effective from Koha item type
    Dewey Decimal Classification     London London Journal article 25/10/2000   ABS62967 108961-1001 06/08/2019 1 06/08/2019 Journal article